Statistics for Groups of Seven Quiz #1

Click here to take the quiz!

General Stats

  • This quiz has been taken 111,096 times
    (49,435 since last reset)
  • The average score is 39 of 63

Answer Stats

Group Answer % Correct
ContinentsAsia
97%
ContinentsSouth America
96%
ContinentsNorth America
96%
ContinentsEurope
96%
ContinentsAfrica
95%
ContinentsAustralia
95%
ContinentsAntarctica
91%
Countries that end in "Stan"Pakistan
87%
G-7 CountriesUnited States
84%
Countries that end in "Stan"Afghanistan
84%
Countries that end in "Stan"Uzbekistan
80%
Countries that end in "Stan"Kazakhstan
80%
G-7 CountriesFrance
80%
G-7 CountriesUnited Kingdom
80%
G-7 CountriesGermany
80%
Snow White's DwarfsSleepy
78%
Snow White's DwarfsGrumpy
77%
Countries that end in "Stan"Turkmenistan
75%
European Capitals Starting with BBerlin
71%
Harry Potter BooksPhilosopher's Stone
70%
Snow White's DwarfsHappy
69%
Countries that end in "Stan"Tajikistan
68%
Deadly SinsGreed
68%
Countries that end in "Stan"Kyrgyzstan
66%
Deadly SinsSloth
66%
Snow White's DwarfsDoc
66%
Snow White's DwarfsDopey
65%
G-7 CountriesItaly
65%
Deadly SinsGluttony
64%
Harry Potter BooksPrisoner of Azkaban
64%
European Capitals Starting with BBrussels
64%
G-7 CountriesCanada
64%
Harry Potter BooksChamber of Secrets
63%
Snow White's DwarfsSneezy
63%
Harry Potter BooksGoblet of Fire
63%
Deadly SinsLust
63%
G-7 CountriesJapan
61%
Harry Potter BooksDeathly Hallows
61%
Deadly SinsEnvy
60%
Harry Potter BooksHalf-Blood Prince
59%
Snow White's DwarfsBashful
55%
Medieval SeasRed Sea
55%
Harry Potter BooksOrder of the Phoenix
55%
Medieval SeasBlack Sea
54%
Medieval SeasMediterranean Sea
54%
European Capitals Starting with BBudapest
52%
European Capitals Starting with BBern
48%
Deadly SinsPride
47%
Deadly SinsWrath
47%
European Capitals Starting with BBucharest
47%
Largest Moons in the Solar SystemMoon
45%
Largest Moons in the Solar SystemIo
43%
European Capitals Starting with BBelgrade
42%
European Capitals Starting with BBratislava
40%
Medieval SeasCaspian Sea
39%
Largest Moons in the Solar SystemEuropa
33%
Largest Moons in the Solar SystemTitan
32%
Medieval SeasAdriatic Sea
29%
Largest Moons in the Solar SystemGanymede
22%
Medieval SeasArabian Sea
16%
Largest Moons in the Solar SystemCallisto
16%
Medieval SeasPersian Gulf
16%
Largest Moons in the Solar SystemTriton
9%

Score Distribution

Percentile by Number Answered

Percent of People with Each Score

Your Score History

You have not taken this quiz since the last reset